| 000 | 00476cam a2200193 4500 | ||
|---|---|---|---|
| 001 | D331 | ||
| 008 | 090401t1979 xxu||||| |||| 00| 0 eng d | ||
| 035 | _a(Sirsi) u45595 | ||
| 041 | _aeng | ||
| 050 | _a333.335 | ||
| 110 |
_aAgricultural Development and Advisory Services _91175 |
||
| 245 | _aFarm rents in England and Wales 1978 | ||
| 260 |
_aPinner, Middx _bMAFF _c1979 |
||
| 300 | _a70p. 21cm | ||
| 350 | _a0 | ||
| 490 | _aSFR 22 | ||
| 942 | _n0 | ||
| 948 | _c04/03/1997 | ||
| 999 |
_c91775 _d91775 |
||